| 000 | 00722nam a2200217Ia 4500 | ||
|---|---|---|---|
| 003 | IN-BaIIA | ||
| 008 | 211028s9999 xx 000 0 eng d | ||
| 020 | _a0-87590-097-6 | ||
| 040 | _cIIA Library | ||
| 080 |
_a577 _bKAS |
||
| 245 | 0 |
_aInverse methods in global biogeochemical cycles _cedited by P. Kasibhatla…[et al.] |
|
| 260 |
_aWashington _bAmerican Geophysical Union _c2000 |
||
| 300 | _avii, 324p. | ||
| 490 | _aGeophyical monograph; 114 | ||
| 650 |
_aGlobal biogeochemical cycles _928952 |
||
| 650 |
_aTracer assimilation _928953 |
||
| 700 |
_aHeimann, M., ed. _928954 |
||
| 700 |
_aMahowald, N., ed. _928955 |
||
| 700 |
_aRayner, P., ed. _928956 |
||
| 942 | _cBK | ||
| 999 |
_c15710 _d15710 |
||